| 000 | 00358nam a22001457a 4500 | ||
|---|---|---|---|
| 003 | SGT | ||
| 082 |
_a616.07 _bH14M |
||
| 100 | _aMCPHERSON, RICHARD A. | ||
| 245 | _aHENRY'S CLINICAL DIAGROSIS AND MANAGEMENT BY LABORATORY METHOD | ||
| 250 | _a22 | ||
| 260 |
_aPHILADELPHIA _bELSEVIER _c2014 |
||
| 300 | _a1542 | ||
| 650 | _aPATHOLOGY | ||
| 942 |
_2ddc _cBK |
||
| 999 |
_c10512 _d10512 |
||